[Event "Ste Foy CC-ch"]
[Site "Ste Foy CAN"]
[Date "2017.06.10"]
[Round "5"]
[White "Sauve, Richard"]
[Black "Desbiens, Raphael"]
[Result "1-0"]
[WhiteElo "1849"]
[BlackElo "1812"]
[WhiteFideId "-1"]
[WhiteFideId "-1"]
[PlyCount "123"]
[GameId "2160767908411466"]
[EventDate "2017.05.13"]
[EventType "tourn"]
[EventRounds "5"]
[EventCountry "CAN"]
[SourceTitle "EXT 2022"]
[Source "ChessBase"]
[SourceDate "2021.10.06"]
[SourceVersion "1"]
[SourceVersionDate "2021.10.06"]
[SourceQuality "1"]

1. d4 Nf6 2. c4 g6 3. Nc3 d5 4. e3 Bg7 5. Nf3 O-O 6. cxd5 Nxd5 7. Bc4 Nxc3 8. bxc3 c5 9. O-O Nc6 10. Ba3 cxd4 11. cxd4 Rb8 12. Qe2 Qa5 13. Bb2 b5 14. Bb3 Qb6 15. Rfc1 a5 16. a3 Bg4 17. h3 Bxf3 18. Qxf3 Rbc8 19. Rc2 e6 20. Rac1 Ne7 21. Qf4 Rxc2 22. Rxc2 a4 23. Ba2 b4 24. Qc7 Rb8 25. axb4 Bf8 26. Ba3 Qxc7 27. Rxc7 Nd5 28. Bxd5 exd5 29. Ra7 Bxb4 30. Rxa4 Bxa3 31. Rxa3 Rb5 32. Ra7 h5 33. h4 Kg7 34. Kh2 Kf6 35. Kg3 Ke6 36. Kf3 Rb2 37. Ra6+ Ke7 38. Ra1 Ke6 39. Re1 Kf5 40. g3 Ra2 41. Re2 Ra3 42. Rb2 Ke6 43. Kf4 Ra6 44. e4 dxe4 45. Kxe4 Rd6 46. Rb5 f5+ 47. Ke3 Kf6 48. Rc5 g5 49. hxg5+ Kxg5 50. d5 f4+ 51. Ke4 fxg3 52. fxg3 Rd8 53. Rc6 Re8+ 54. Re6 Rg8 55. d6 Kg4 56. d7 Rd8 57. Rg6+ Kh3 58. Rg7 Kg2 59. Kf5 Ra8 60. Ke6 Ra7 61. Rg8 Ra6+ 62. Kd5 1-0

[Event "Ste Foy Capablanca"]
[Site "Ste Foy CAN"]
[Date "2017.12.04"]
[Round "1"]
[White "Bluteau, Yvon"]
[Black "Leblanc-Legault, Mathieu"]
[Result "1-0"]
[WhiteElo "1767"]
[BlackElo "1694"]
[WhiteFideId "-1"]
[WhiteFideId "-1"]
[PlyCount "79"]
[GameId "2160767908300541"]
[EventDate "2017.12.04"]
[EventType "swiss"]
[EventRounds "5"]
[EventCountry "CAN"]
[SourceTitle "EXT 2022"]
[Source "ChessBase"]
[SourceDate "2021.10.06"]
[SourceVersion "1"]
[SourceVersionDate "2021.10.06"]
[SourceQuality "1"]

1. Nf3 Nf6 2. d4 d5 3. g3 e6 4. Bg2 b5 5. O-O Be7 6. Ne5 Bb7 7. c3 a5 8. Nd2 O-O 9. b3 Nfd7 10. Nxd7 Nxd7 11. e4 c5 12. Bb2 cxd4 13. cxd4 dxe4 14. Nxe4 Bd5 15. Qd3 Qb6 16. h4 Qb7 17. f3 h6 18. Nc3 Rab8 19. Nxd5 Qxd5 20. Rad1 Nf6 21. Rfe1 Qd7 22. f4 Rfd8 23. Qf3 Qd5 24. Qc3 Bb4 25. Qd3 Qd7 26. Re2 Rbc8 27. Kh1 Nd5 28. Rf1 Bc3 29. f5 Bxb2 30. fxe6 fxe6 31. Rxb2 Rc3 32. Qg6 Ne3 33. Be4 Nf5 34. Bxf5 exf5 35. Rxf5 Rc1+ 36. Kh2 Qb7 37. d5 Rxd5 38. Qe6+ Kh7 39. Rxd5 Qa7 40. Qf5+ 1-0

[Event "Ste Foy Capablanca"]
[Site "Ste Foy CAN"]
[Date "2017.12.04"]
[Round "1"]
[White "Cossette, Daniel"]
[Black "Boissinot, Claude"]
[Result "1-0"]
[WhiteElo "2078"]
[BlackElo "1511"]
[WhiteFideId "-1"]
[WhiteFideId "-1"]
[PlyCount "107"]
[GameId "2160767908300542"]
[EventDate "2017.12.04"]
[EventType "swiss"]
[EventRounds "5"]
[EventCountry "CAN"]
[SourceTitle "EXT 2022"]
[Source "ChessBase"]
[SourceDate "2021.10.06"]
[SourceVersion "1"]
[SourceVersionDate "2021.10.06"]
[SourceQuality "1"]

1. e4 c5 2. Nf3 e6 3. d4 cxd4 4. Nxd4 Nf6 5. Nc3 d6 6. Be2 a6 7. O-O Qc7 8. Be3 b5 9. a3 Bb7 10. f3 Nbd7 11. Qd2 Be7 12. Rfd1 O-O 13. Nb3 Ne5 14. Qe1 d5 15. exd5 Bxd5 16. Qf2 Rac8 17. Rd2 Nc4 18. Bxc4 bxc4 19. Nd4 Bd6 20. g3 Kh8 21. Nce2 Bb7 22. Rad1 Bc5 23. c3 e5 24. Nc2 Bxe3 25. Nxe3 Qc6 26. Nd5 Nxd5 27. Rxd5 Qh6 28. Rxe5 Qf6 29. Re3 Qb6 30. Nd4 g6 31. Rde1 Qf6 32. Re7 Bd5 33. Qe3 Kg8 34. Qe5 Qxe5 35. R1xe5 Ba8 36. Ra7 Rb8 37. Ree7 Rxb2 38. Ne6 Bd5 39. Nxf8 Kxf8 40. Re3 Rb6 41. g4 Be6 42. Kf2 Rd6 43. g5 Rd2+ 44. Kg3 Rd6 45. Kf4 Kg7 46. a4 Rc6 47. a5 Rd6 48. Rb7 Bc8 49. Rb6 Rd5 50. Re5 Rxe5 51. Kxe5 Be6 52. Rxa6 Bc8 53. Rc6 Bb7 54. Rxc4 1-0

[Event "Ste Foy Capablanca"]
[Site "Ste Foy CAN"]
[Date "2017.12.04"]
[Round "1"]
[White "Flor, Gerson"]
[Black "Tremblay-Alix, Eric"]
[Result "0-1"]
[WhiteElo "1408"]
[BlackElo "1851"]
[WhiteFideId "-1"]
[WhiteFideId "-1"]
[PlyCount "86"]
[GameId "2160767908300543"]
[EventDate "2017.12.04"]
[EventType "swiss"]
[EventRounds "5"]
[EventCountry "CAN"]
[SourceTitle "EXT 2022"]
[Source "ChessBase"]
[SourceDate "2021.10.06"]
[SourceVersion "1"]
[SourceVersionDate "2021.10.06"]
[SourceQuality "1"]

1. e4 e5 2. Nf3 Nf6 3. Nxe5 d6 4. Nf3 Nxe4 5. d4 d5 6. Bd3 Bd6 7. O-O O-O 8. Nc3 f5 9. Nxd5 Bxh2+ 10. Nxh2 Qxd5 11. c3 Be6 12. Bf4 c5 13. Nf3 c4 14. Bc2 Nd7 15. Re1 Rae8 16. a4 h6 17. Ne5 Ndf6 18. Ng6 Rf7 19. a5 Kh7 20. Ne5 Rfe7 21. Ba4 Nd7 22. Qh5 Nxe5 23. Bxe8 Nd3 24. Bg6+ Kg8 25. Be5 Nxe1 26. Rxe1 Qd7 27. g4 Ng5 28. f4 Nf3+ 29. Kf2 Nxe1 30. Kxe1 Qa4 31. gxf5 Qa1+ 32. Qd1 Qxb2 33. fxe6 Qxc3+ 34. Qd2 Qg3+ 35. Ke2 Qxg6 36. d5 Qe4+ 37. Qe3 Qxd5 38. f5 b5 39. axb6 axb6 40. Qg3 Ra7 41. Qe3 Ra2+ 42. Kf1 Qh1+ 43. Qg1 Qf3+ 0-1

[Event "Ste Foy Capablanca"]
[Site "Ste Foy CAN"]
[Date "2017.12.04"]
[Round "1"]
[White "Glode, Martin"]
[Black "Pouliot, Lewis"]
[Result "1-0"]
[WhiteElo "1896"]
[BlackElo "1420"]
[WhiteFideId "-1"]
[WhiteFideId "-1"]
[PlyCount "79"]
[GameId "2160767908300544"]
[EventDate "2017.12.04"]
[EventType "swiss"]
[EventRounds "5"]
[EventCountry "CAN"]
[SourceTitle "EXT 2022"]
[Source "ChessBase"]
[SourceDate "2021.10.06"]
[SourceVersion "1"]
[SourceVersionDate "2021.10.06"]
[SourceQuality "1"]

1. e4 d6 2. d4 g6 3. c3 Bg7 4. Bd3 Nf6 5. h3 a6 6. a4 c6 7. a5 O-O 8. Nf3 d5 9. Nbd2 e6 10. O-O Qc7 11. e5 Nfd7 12. b4 b6 13. Nb3 b5 14. Bg5 Re8 15. Qc2 Nf8 16. Qd2 Nbd7 17. Rfe1 f6 18. exf6 Nxf6 19. Bf4 Qe7 20. Ne5 Bb7 21. Nc5 Rac8 22. Bg5 h6 23. Bxh6 Ne4 24. Nxe4 Bxe5 25. dxe5 dxe4 26. Bxe4 Rcd8 27. Qe3 Qf7 28. Qg3 Rd7 29. Rad1 Red8 30. Rd6 Rxd6 31. exd6 Rd7 32. Bxf8 Kxf8 33. Re3 Kg7 34. Rf3 Qe8 35. Qe5+ Kh6 36. Rg3 Rg7 37. Qf6 Kh7 38. Rg4 c5 39. Bxg6+ Qxg6 40. Rxg6 1-0

[Event "Ste Foy Capablanca"]
[Site "Ste Foy CAN"]
[Date "2017.12.16"]
[Round "2"]
[White "Ayotte, Charles"]
[Black "Laprade, Jean Jr"]
[Result "0-1"]
[WhiteElo "1384"]
[BlackElo "1675"]
[WhiteFideId "-1"]
[WhiteFideId "-1"]
[PlyCount "102"]
[GameId "2160767908300546"]
[EventDate "2017.12.04"]
[EventType "swiss"]
[EventRounds "5"]
[EventCountry "CAN"]
[SourceTitle "EXT 2022"]
[Source "ChessBase"]
[SourceDate "2021.10.06"]
[SourceVersion "1"]
[SourceVersionDate "2021.10.06"]
[SourceQuality "1"]

1. c4 Nf6 2. d4 e6 3. Nf3 d5 4. e3 Be7 5. Be2 O-O 6. O-O c5 7. Nc3 cxd4 8. Nxd4 a6 9. b3 Nc6 10. Bb2 dxc4 11. Nxc6 bxc6 12. Bxc4 Qc7 13. Qc2 Bb7 14. Bd3 h6 15. Rac1 Ng4 16. g3 Rad8 17. Be4 Nf6 18. Bg2 Qc8 19. Rfd1 Nd5 20. a3 Nxc3 21. Qxc3 Bf6 22. Qc2 Bxb2 23. Qxb2 Rxd1+ 24. Rxd1 Rd8 25. Qc2 Rxd1+ 26. Qxd1 c5 27. Qc2 Bxg2 28. Kxg2 Qc6+ 29. f3 Qb5 30. a4 Qb6 31. Kf2 Kf8 32. Ke2 Ke7 33. Qd3 g6 34. Kd2 Qc6 35. e4 Qb6 36. Qc3 Qd6+ 37. Qd3 Qd4 38. Kc2 Qxd3+ 39. Kxd3 Kd6 40. Kc4 f5 41. b4 cxb4 42. Kxb4 Kc6 43. Kc4 e5 44. Kd3 Kc5 45. Kc3 a5 46. h3 h5 47. g4 fxe4 48. fxe4 hxg4 49. hxg4 g5 50. Kd3 Kb4 51. Kc2 Kc4 0-1

[Event "Ste Foy Capablanca"]
[Site "Ste Foy CAN"]
[Date "2017.12.16"]
[Round "2"]
[White "Beauchesne, Jonathan"]
[Black "Glode, Martin"]
[Result "1/2-1/2"]
[WhiteElo "1810"]
[BlackElo "1896"]
[WhiteFideId "-1"]
[WhiteFideId "-1"]
[PlyCount "52"]
[GameId "2160767908300547"]
[EventDate "2017.12.04"]
[EventType "swiss"]
[EventRounds "5"]
[EventCountry "CAN"]
[SourceTitle "EXT 2022"]
[Source "ChessBase"]
[SourceDate "2021.10.06"]
[SourceVersion "1"]
[SourceVersionDate "2021.10.06"]
[SourceQuality "1"]

1. d4 d5 2. c4 e6 3. Nc3 c6 4. Nf3 f5 5. e3 Nf6 6. Bd3 Bd6 7. O-O O-O 8. c5 Bc7 9. b4 Ne4 10. Bb2 Nd7 11. a4 e5 12. Ne2 a5 13. dxe5 axb4 14. e6 Ndxc5 15. Nfd4 Nxe6 16. f3 Nd6 17. Nxe6 Bxe6 18. Nf4 Bf7 19. Qe1 c5 20. Qg3 g6 21. Nh5 Ne8 22. Nf4 Ng7 23. Bxg7 Kxg7 24. Bxf5 Kh8 25. Bc2 Qf6 26. Nxg6+ Bxg6 1/2-1/2

[Event "Ste Foy Capablanca"]
[Site "Ste Foy CAN"]
[Date "2017.12.16"]
[Round "2"]
[White "Lessard, Claude"]
[Black "Bluteau, Yvon"]
[Result "1-0"]
[WhiteElo "2118"]
[BlackElo "1767"]
[WhiteFideId "-1"]
[WhiteFideId "-1"]
[PlyCount "77"]
[GameId "2160767908300548"]
[EventDate "2017.12.04"]
[EventType "swiss"]
[EventRounds "5"]
[EventCountry "CAN"]
[SourceTitle "EXT 2022"]
[Source "ChessBase"]
[SourceDate "2021.10.06"]
[SourceVersion "1"]
[SourceVersionDate "2021.10.06"]
[SourceQuality "1"]

1. d4 Nf6 2. g3 d5 3. c4 c6 4. Nc3 e6 5. Bg2 Nbd7 6. Nf3 Bb4 7. O-O O-O 8. cxd5 exd5 9. a3 Bxc3 10. bxc3 Nb6 11. Ne5 Be6 12. Rb1 Qc8 13. a4 Ne4 14. Qc2 f6 15. Nd3 Bf5 16. Bf4 Nc4 17. f3 Na3 18. Qb3 Nxb1 19. fxe4 Bh3 20. Bxh3 Qxh3 21. Rxb1 Rad8 22. exd5 cxd5 23. Nf2 Qe6 24. e4 g5 25. exd5 Rxd5 26. Bd2 Rf7 27. Re1 Qd7 28. Ng4 Kg7 29. Ne3 Ra5 30. c4 Rxa4 31. d5 h5 32. Qd3 Ra2 33. Nf5+ Kf8 34. Bb4+ Kg8 35. Nh6+ Kg7 36. Nxf7 Qh3 37. Re2 Rxe2 38. Qxe2 Qf5 39. Nd6 1-0

[Event "Ste Foy Capablanca"]
[Site "Ste Foy CAN"]
[Date "2017.12.16"]
[Round "2"]
[White "Tremblay-Alix, Eric"]
[Black "Cossette, Daniel"]
[Result "1-0"]
[WhiteElo "1851"]
[BlackElo "2078"]
[WhiteFideId "-1"]
[WhiteFideId "-1"]
[PlyCount "97"]
[GameId "2160767908300549"]
[EventDate "2017.12.04"]
[EventType "swiss"]
[EventRounds "5"]
[EventCountry "CAN"]
[SourceTitle "EXT 2022"]
[Source "ChessBase"]
[SourceDate "2021.10.06"]
[SourceVersion "1"]
[SourceVersionDate "2021.10.06"]
[SourceQuality "1"]

1. e4 c5 2. b4 cxb4 3. d4 Nf6 4. Bd3 d5 5. e5 Ne4 6. Ne2 e6 7. O-O Nc6 8. f3 Nc3 9. Nbxc3 bxc3 10. Bb5 Bd7 11. Nxc3 Bb4 12. Qd3 O-O 13. Bd2 Bxc3 14. Bxc3 Nxe5 15. dxe5 Qb6+ 16. Bd4 Qxb5 17. Qe3 Rfc8 18. Rfb1 Qa6 19. Rb2 b6 20. f4 Rc4 21. g4 Rac8 22. c3 Qa3 23. Rf2 b5 24. Rb1 a5 25. Rb3 Qf8 26. f5 b4 27. cxb4 axb4 28. Rbb2 Rc1+ 29. Kg2 Rd1 30. Rbd2 Rxd2 31. Qxd2 Rc4 32. f6 Ba4 33. h4 Bc2 34. h5 Be4+ 35. Kh2 h6 36. Qe3 Kh7 37. Bb2 Rc2 38. Bd4 gxf6 39. Rxc2 Bxc2 40. exf6 Qa8 41. Qf4 Qxa2 42. Be3 Be4+ 43. Bd2 Qxd2+ 44. Qxd2 b3 45. Kg3 Bc2 46. g5 e5 47. gxh6 Kg8 48. Qg5+ Kf8 49. Qxe5 1-0

[Event "Ste Foy Capablanca"]
[Site "Ste Foy CAN"]
[Date "2017.12.28"]
[Round "3"]
[White "Beauchesne, Jonathan"]
[Black "Potvin, Alain-Nicolas"]
[Result "0-1"]
[WhiteElo "1810"]
[BlackElo "1790"]
[WhiteFideId "-1"]
[WhiteFideId "-1"]
[PlyCount "51"]
[GameId "2160767908300550"]
[EventDate "2017.12.04"]
[EventType "swiss"]
[EventRounds "5"]
[EventCountry "CAN"]
[SourceTitle "EXT 2022"]
[Source "ChessBase"]
[SourceDate "2021.10.06"]
[SourceVersion "1"]
[SourceVersionDate "2021.10.06"]
[SourceQuality "1"]

1. d4 d5 2. Nf3 Nf6 3. e3 Bf5 4. c4 e6 5. Qb3 Qc8 6. Nc3 c6 7. Bd2 Bd6 8. Rc1 h6 9. Nh4 Bh7 10. cxd5 exd5 11. Nxd5 Ne4 12. Nf3 Qd7 13. Nc3 Nxd2 14. Nxd2 Qe7 15. Be2 O-O 16. O-O Nd7 17. Qxb7 Rab8 18. Qxc6 Rxb2 19. Nc4 Bxh2+ 20. Kxh2 Rxe2 21. Nxe2 Be4 22. Qd6 Qh4+ 23. Kg1 Nf6 24. Qg3 Qh5 25. Nf4 Qb5 26. Nd6 0-1

[Event "Ste Foy Capablanca"]
[Site "Ste Foy CAN"]
[Date "2017.12.28"]
[Round "3"]
[White "Bluteau, Yvon"]
[Black "Boissinot, Claude"]
[Result "1-0"]
[WhiteElo "1767"]
[BlackElo "1511"]
[WhiteFideId "-1"]
[WhiteFideId "-1"]
[PlyCount "67"]
[GameId "2160767908300551"]
[EventDate "2017.12.04"]
[EventType "swiss"]
[EventRounds "5"]
[EventCountry "CAN"]
[SourceTitle "EXT 2022"]
[Source "ChessBase"]
[SourceDate "2021.10.06"]
[SourceVersion "1"]
[SourceVersionDate "2021.10.06"]
[SourceQuality "1"]

1. Nf3 d5 2. g3 Nf6 3. Bg2 Nc6 4. d4 Bf5 5. O-O e6 6. Nbd2 Bd6 7. c4 dxc4 8. Nxc4 Be7 9. Qb3 Rb8 10. Rd1 b5 11. Nce5 Na5 12. Qc3 b4 13. Qe1 O-O 14. Be3 Nd5 15. Rac1 Rb6 16. Bd2 f6 17. e4 fxe5 18. exf5 Rxf5 19. Nxe5 Qd6 20. Be4 Rf8 21. Rc5 Nb7 22. Nc4 Qd8 23. Nxb6 Nxc5 24. Nxd5 Nxe4 25. Nxe7+ Qxe7 26. Qxe4 a5 27. Re1 Re8 28. d5 e5 29. Bf4 Qc5 30. Bxe5 Rf8 31. Bd4 Qb5 32. Qg4 g6 33. Qe6+ Rf7 34. Qe5 1-0

[Event "Ste Foy Capablanca"]
[Site "Ste Foy CAN"]
[Date "2017.12.28"]
[Round "3"]
[White "Glode, Martin"]
[Black "Dube, Dominic"]
[Result "1-0"]
[WhiteElo "1896"]
[BlackElo "1827"]
[WhiteFideId "-1"]
[WhiteFideId "-1"]
[PlyCount "59"]
[GameId "2160767908300552"]
[EventDate "2017.12.04"]
[EventType "swiss"]
[EventRounds "5"]
[EventCountry "CAN"]
[SourceTitle "EXT 2022"]
[Source "ChessBase"]
[SourceDate "2021.10.06"]
[SourceVersion "1"]
[SourceVersionDate "2021.10.06"]
[SourceQuality "1"]

1. e4 c6 2. d3 d5 3. Nd2 e5 4. Ngf3 Bd6 5. d4 f6 6. dxe5 fxe5 7. Nxe5 Nf6 8. f4 O-O 9. exd5 Nxd5 10. Ndf3 Qe7 11. Bc4 Be6 12. O-O Nxf4 13. Re1 Bc5+ 14. Kh1 Bxc4 15. Nxc4 Rd8 16. Bd2 Qf6 17. Re4 Nd5 18. Bg5 Qg6 19. Qe2 Rf8 20. Nce5 Qf5 21. Qc4 b5 22. Qe2 Nf6 23. Bxf6 Rxf6 24. Ng4 Rf8 25. Re5 Qxg4 26. Rxc5 a5 27. Re1 Qb4 28. Qe6+ Kh8 29. Rh5 Nd7 30. Rxh7+ 1-0

[Event "Ste Foy Capablanca"]
[Site "Ste Foy CAN"]
[Date "2017.12.28"]
[Round "3"]
[White "Tremblay-Alix, Eric"]
[Black "Lessard, Claude"]
[Result "0-1"]
[WhiteElo "1851"]
[BlackElo "2118"]
[WhiteFideId "-1"]
[WhiteFideId "-1"]
[PlyCount "76"]
[GameId "2160767908300554"]
[EventDate "2017.12.04"]
[EventType "swiss"]
[EventRounds "5"]
[EventCountry "CAN"]
[SourceTitle "EXT 2022"]
[Source "ChessBase"]
[SourceDate "2021.10.06"]
[SourceVersion "1"]
[SourceVersionDate "2021.10.06"]
[SourceQuality "1"]

1. c4 e5 2. Nc3 Nc6 3. Nf3 f5 4. d4 e4 5. d5 exf3 6. dxc6 fxg2 7. cxd7+ Qxd7 8. Bxg2 Qxd1+ 9. Kxd1 c6 10. Bf4 Be6 11. b3 Nf6 12. Kc2 Bc5 13. f3 O-O 14. Rad1 h6 15. Bd6 Bxd6 16. Rxd6 Rae8 17. Rhd1 f4 18. R1d4 g5 19. Kd2 Bf5 20. Ne4 Bxe4 21. fxe4 Kg7 22. b4 g4 23. e5 Rxe5 24. Rxf4 Rh5 25. Rdxf6 Rxf6 26. Rxg4+ Rg5 27. Bf3 Rxg4 28. Bxg4 b6 29. a4 Rf4 30. Bf3 Rxc4 31. Kd3 Rxb4 32. Bxc6 Rh4 33. e4 Kf6 34. Kc4 Rxh2 35. Kb5 Rc2 36. Bd5 Ke5 37. Ka6 Rc7 38. Bb7 Rc4 0-1

[Event "Ste Foy Capablanca"]
[Site "Ste Foy CAN"]
[Date "2018.01.09"]
[Round "4"]
[White "Beauchesne, Jonathan"]
[Black "Fecteau, Martin"]
[Result "1/2-1/2"]
[WhiteElo "1810"]
[BlackElo "1984"]
[WhiteFideId "-1"]
[WhiteFideId "-1"]
[PlyCount "28"]
[GameId "2160767908300555"]
[EventDate "2017.12.04"]
[EventType "swiss"]
[EventRounds "5"]
[EventCountry "CAN"]
[SourceTitle "EXT 2022"]
[Source "ChessBase"]
[SourceDate "2021.10.06"]
[SourceVersion "1"]
[SourceVersionDate "2021.10.06"]
[SourceQuality "1"]

1. e4 c5 2. c3 d5 3. exd5 Qxd5 4. d4 cxd4 5. cxd4 Nc6 6. Nf3 e6 7. Nc3 Qd8 8. d5 exd5 9. Qxd5 Be7 10. Bc4 Be6 11. Qxd8+ Nxd8 12. Bxe6 Nxe6 13. O-O Nf6 14. Be3 O-O 1/2-1/2

[Event "Ste Foy Capablanca"]
[Site "Ste Foy CAN"]
[Date "2018.01.09"]
[Round "4"]
[White "Cossette, Daniel"]
[Black "Picard, Christian"]
[Result "1-0"]
[WhiteElo "2078"]
[BlackElo "1668"]
[WhiteFideId "-1"]
[WhiteFideId "-1"]
[PlyCount "63"]
[GameId "2160767908300556"]
[EventDate "2017.12.04"]
[EventType "swiss"]
[EventRounds "5"]
[EventCountry "CAN"]
[SourceTitle "EXT 2022"]
[Source "ChessBase"]
[SourceDate "2021.10.06"]
[SourceVersion "1"]
[SourceVersionDate "2021.10.06"]
[SourceQuality "1"]

1. e4 d5 2. exd5 Qxd5 3. Nc3 Qa5 4. d4 c6 5. Bc4 Nf6 6. Bd2 Qc7 7. Qe2 Bf5 8. O-O-O e6 9. Nf3 Nbd7 10. Ne5 Bd6 11. Rhe1 Nd5 12. g4 Bg6 13. h4 Bxe5 14. dxe5 h6 15. f4 O-O-O 16. Ne4 Bxe4 17. Qxe4 Nc5 18. Qf3 Rd7 19. Qa3 Na6 20. Bxa6 bxa6 21. Qxa6+ Qb7 22. Qxb7+ Rxb7 23. c4 Ne7 24. h5 g6 25. hxg6 fxg6 26. Be3 Rd8 27. Rxd8+ Kxd8 28. Rd1+ Ke8 29. Bc5 h5 30. gxh5 gxh5 31. Rh1 Nf5 32. Rxh5 1-0

[Event "Ste Foy Capablanca"]
[Site "Ste Foy CAN"]
[Date "2018.01.09"]
[Round "4"]
[White "Dube, Daniel"]
[Black "Potvin, Alain-Nicolas"]
[Result "0-1"]
[WhiteElo "1916"]
[BlackElo "1790"]
[WhiteFideId "-1"]
[WhiteFideId "-1"]
[PlyCount "156"]
[GameId "2160767908300557"]
[EventDate "2017.12.04"]
[EventType "swiss"]
[EventRounds "5"]
[EventCountry "CAN"]
[SourceTitle "EXT 2022"]
[Source "ChessBase"]
[SourceDate "2021.10.06"]
[SourceVersion "1"]
[SourceVersionDate "2021.10.06"]
[SourceQuality "1"]

1. e4 g6 2. d4 Bg7 3. Nc3 d6 4. Bg5 h6 5. Be3 a6 6. Qd2 b5 7. a4 b4 8. Nd1 Nf6 9. f3 a5 10. c3 bxc3 11. bxc3 Nfd7 12. Bd3 Ba6 13. Ne2 c5 14. O-O cxd4 15. cxd4 Bxd3 16. Qxd3 O-O 17. Ndc3 Nc6 18. d5 Nb4 19. Qd2 Kh7 20. f4 Nb6 21. Bd4 Nc4 22. Qd1 Bxd4+ 23. Nxd4 Qb6 24. Rb1 Ne3 25. Qd2 Nxf1 26. Rxf1 Nc2 27. Nce2 Nxd4 28. Nxd4 Rfc8 29. Kh1 Qb4 30. Qf2 Rc4 31. f5 g5 32. f6 Re8 33. fxe7 Rxe7 34. Qf6 Rcc7 35. Nf5 Qc3 36. Qxh6+ Kg8 37. Nxe7+ Rxe7 38. Qxg5+ Kf8 39. Qh6+ Ke8 40. Rc1 Rxe4 41. Rf1 Re1 42. Qf4 Rxf1+ 43. Qxf1 Qb4 44. Qd1 Ke7 45. h3 Qe4 46. Kg1 f5 47. Qd2 Qxa4 48. Qg5+ Ke8 49. Qg8+ Kd7 50. Qe6+ Kc7 51. Qxf5 Qa1+ 52. Kf2 Qe5 53. Qc2+ Kd8 54. Qd2 Qf5+ 55. Kg1 Qb1+ 56. Kh2 Qb4 57. Qg5+ Kc7 58. h4 a4 59. h5 a3 60. h6 a2 61. Qg7+ Kb6 62. g3 Qd2+ 63. Kh3 Qxd5 64. Qb2+ Kc6 65. g4 Qh1+ 66. Kg3 a1=Q 67. Qc2+ Kd5 68. Qb3+ Ke5 69. Qb5+ Qd5 70. Qe8+ Qe6 71. Qb5+ d5 72. Qe2+ Kf6 73. Qf2+ Kg6 74. Qc2+ Kxh6 75. g5+ Kxg5 76. Qd2+ Kf6 77. Qf4+ Kg7 78. Qc7+ Qf7 0-1

[Event "Ste Foy Capablanca"]
[Site "Ste Foy CAN"]
[Date "2018.01.09"]
[Round "4"]
[White "Fecteau, Martin"]
[Black "Beauchesne, Jonathan"]
[Result "1/2-1/2"]
[WhiteElo "1984"]
[BlackElo "1810"]
[WhiteFideId "-1"]
[WhiteFideId "-1"]
[PlyCount "29"]
[GameId "2160767908300558"]
[EventDate "2017.12.04"]
[EventType "swiss"]
[EventRounds "5"]
[EventCountry "CAN"]
[SourceTitle "EXT 2022"]
[Source "ChessBase"]
[SourceDate "2021.10.06"]
[SourceVersion "1"]
[SourceVersionDate "2021.10.06"]
[SourceQuality "1"]

1. e4 c5 2. c3 d5 3. exd5 Qxd5 4. d4 cxd4 5. cxd4 Nc6 6. Nf3 e6 7. Nc3 Qd8 8. d5 exd5 9. Qxd5 Be7 10. Bc4 Be6 11. Qxd8+ Nxd8 12. Bxe6 Nxe6 13. O-O Nf6 14. Be3 O-O 15. Rfd1 1/2-1/2

[Event "Ste Foy Capablanca"]
[Site "Ste Foy CAN"]
[Date "2018.01.09"]
[Round "4"]
[White "Lessard, Claude"]
[Black "Glode, Martin"]
[Result "1-0"]
[WhiteElo "2118"]
[BlackElo "1896"]
[WhiteFideId "-1"]
[WhiteFideId "-1"]
[PlyCount "67"]
[GameId "2160767908300559"]
[EventDate "2017.12.04"]
[EventType "swiss"]
[EventRounds "5"]
[EventCountry "CAN"]
[SourceTitle "EXT 2022"]
[Source "ChessBase"]
[SourceDate "2021.10.06"]
[SourceVersion "1"]
[SourceVersionDate "2021.10.06"]
[SourceQuality "1"]

1. e4 Nf6 2. e5 Nd5 3. d4 d6 4. Nf3 Bg4 5. Be2 c6 6. c4 Nb6 7. exd6 exd6 8. a4 a5 9. Qb3 Be7 10. O-O O-O 11. h3 Bh5 12. Be3 Na6 13. Bd2 Nb8 14. Nc3 Bg6 15. Rad1 N8d7 16. Bf4 Re8 17. Rfe1 Bf8 18. Bf1 Rxe1 19. Rxe1 Nf6 20. Nh4 Nfd7 21. Nxg6 hxg6 22. Qd1 Nc8 23. Be2 Nf6 24. Bf3 Ne7 25. g4 Qd7 26. d5 cxd5 27. cxd5 Rc8 28. Nb5 Ne8 29. Qd2 Rc4 30. b3 Rb4 31. Rb1 Nc8 32. Be3 Be7 33. Qc2 Bf6 34. Bd2 1-0

[Event "Ste Foy Capablanca"]
[Site "Ste Foy CAN"]
[Date "2018.01.22"]
[Round "5"]
[White "Ayotte, Charles"]
[Black "Flor, Gerson"]
[Result "0-1"]
[WhiteElo "1384"]
[BlackElo "1408"]
[WhiteFideId "-1"]
[WhiteFideId "-1"]
[PlyCount "94"]
[GameId "2160767908300560"]
[EventDate "2017.12.04"]
[EventType "swiss"]
[EventRounds "5"]
[EventCountry "CAN"]
[SourceTitle "EXT 2022"]
[Source "ChessBase"]
[SourceDate "2021.10.06"]
[SourceVersion "1"]
[SourceVersionDate "2021.10.06"]
[SourceQuality "1"]

1. c4 e5 2. Nc3 Nf6 3. e4 c6 4. d3 Bc5 5. Qc2 O-O 6. Nf3 Re8 7. a3 Qa5 8. Bd2 a6 9. Nd1 Qb6 10. Be3 d5 11. Bxc5 Qxc5 12. Be2 a5 13. Rc1 d4 14. O-O a4 15. b4 axb3 16. Qxb3 Rxa3 17. Qb1 Qa5 18. Nb2 c5 19. Rfd1 Na6 20. Qc2 Nb4 21. Qd2 Bd7 22. Bf1 Ra2 23. Qe2 Qa3 24. Rb1 Ba4 25. Rd2 Nd7 26. Nxa4 Rxd2 27. Qxd2 Qxa4 28. Ne1 Ra8 29. g3 Qa2 30. Qxa2 Rxa2 31. Kg2 Nb6 32. Kf3 g5 33. Kg2 Na4 34. h3 h5 35. Rd1 Nc3 36. Rc1 Rd2 37. Nf3 Nxd3 38. Bxd3 Rxd3 39. Nxg5 Rd2 40. Kf1 Re2 41. f3 Re3 42. Kf2 f6 43. Ne6 Re2+ 44. Kg1 b6 45. Nc7 Ra2 46. Re1 d3 47. Re3 d2 0-1

[Event "Ste Foy Capablanca"]
[Site "Ste Foy CAN"]
[Date "2018.01.22"]
[Round "5"]
[White "Bernatchez, Dan"]
[Black "Glode, Martin"]
[Result "0-1"]
[WhiteElo "1967"]
[BlackElo "1896"]
[WhiteFideId "-1"]
[WhiteFideId "-1"]
[PlyCount "68"]
[GameId "2160767908300561"]
[EventDate "2017.12.04"]
[EventType "swiss"]
[EventRounds "5"]
[EventCountry "CAN"]
[SourceTitle "EXT 2022"]
[Source "ChessBase"]
[SourceDate "2021.10.06"]
[SourceVersion "1"]
[SourceVersionDate "2021.10.06"]
[SourceQuality "1"]

1. d4 d5 2. Nf3 c6 3. c4 e6 4. e3 Nf6 5. Nc3 Nbd7 6. Bd3 dxc4 7. Bxc4 b5 8. Bd3 Bd6 9. e4 e5 10. O-O O-O 11. Bg5 b4 12. Ne2 Bb7 13. Rc1 Re8 14. dxe5 Bxe5 15. Nxe5 Nxe5 16. Bb1 Qe7 17. f3 Rad8 18. Qc2 Ba6 19. b3 c5 20. Rcd1 c4 21. Rxd8 Rxd8 22. Rd1 Nd3 23. Bxf6 Qxf6 24. bxc4 Qb6+ 25. c5 Qc7 26. Nc1 Nxc1 27. Rxc1 Qe5 28. Qf2 Qf4 29. Qe1 Be2 30. Bc2 Rd2 31. Qf2 Bd3 32. g3 Rxf2 33. gxf4 Rxc2 34. Rxc2 Bxc2 0-1